00743nam a22002057a 450000500170000001000150001702000260003203500130005803700130007108200100008410000200009424500560011426000460017027000810021630000260029750000500032394200240037399900170039795201230041420140306152114.0 aENG-108745 c650.00a9788192426549 aEN-92278 bDBAD/PUB a305.4 aThakur, Sadhana aIndian women in modern society /cby Sadhana Thakur aNew DelhibGaurav Book Distributorsc2012 aH No. 45,Ground floor, Shivaji Marg, Gali No. 5, Kartar NagarbDelhie110053 aviii,208p. c22cm(Hb) aIncludes bibliographical references and lndex 2ddccENmTHAh305.4 c81079d81079 001040718NFICaDBADbDBADd2013-12-06eDBAD/PUBg650.00l0o305.4 THApEN-92278r2013-12-06 00:00:00t1v650.00yEN